Asia's Best Cities - Statistics

General Stats
  • This quiz has been taken 101 times
  • The average score is 7 of 10
Answer Stats
Hint Answer % Correct
4 Tokyo
96%
6 Singapore
90%
5 Hong Kong
88%
8 Shanghai
88%
3 Bangkok
84%
10 New Delhi
67%
7 Hanoi
57%
9 Ho Chi Minh City
54%
1 Kyoto
54%
2 Siem Reap
20%
No matching quizzes found
Score Distribution
Percent of People with Each Score
Percentile by Number Answered
Your Score History
You have not taken this quiz